| 000 | 01239cam a22002771i 4500 | ||
|---|---|---|---|
| 003 | SA-RiAUC | ||
| 005 | 20250520095624.0 | ||
| 008 | 250519s2003 le g 000 0 ara c | ||
| 040 |
_aJU _bara _cSA-RiAUC _erda |
||
| 082 | 0 | 4 | _a258.1 |
| 090 |
_a258.1 _b ا ب ن ق |
||
| 100 | 1 |
_aابن قطلوبغا، قاسم بن قطلوبغا، _d802-879 هجري _eمؤلف. |
|
| 245 | 1 | 0 |
_aخلاصة الأفكار : _bشرح مختصر المنار / _cزين الدين قاسم بن قطلوبغا الحنفي ؛ تحقيق حافظ ثناء الله الزاهدي. |
| 250 | _aالطبعة الأولى. | ||
| 264 | 1 |
_aبيروت : _bدار ابن حزم، _c2003 |
|
| 300 |
_a206 صفحة ؛ _c24 سم |
||
| 336 |
_aنص _btxt _2rdacontent _3كتاب |
||
| 337 |
_aبدون وسيط _bn _2rdamedia |
||
| 338 |
_aمجلد _bnc _2rdacarrier |
||
| 650 | 7 |
_aالفقه الحنفي _2aucsh |
|
| 700 | 1 |
_aالزاهدي، حافظ ثناء الله، _d1956- _eمحقق. |
|
| 700 | 1 | 2 |
_aالنسفي، عبد الله بن أحمد بن محمود، _dتوفي 710 هجري. _tالمنار في أصول الفقه. |
| 740 | 2 | 2 | _aالمنار في أصول الفقه. |
| 942 |
_2ddc _cBOOK _n0 |
||
| 949 |
_aSA-JeALM _d250519 _umohamedma123 _n1 |
||
| 999 |
_c8156 _d8156 |
||